Focus sur: Travers - Harry Potter - Statistiques

Statistiques générales
  • Ce quiz a été pris 23 fois
  • Le résultat moyen est 4 sur 6
Statistiques - réponses
Informations recherchées Réponses % Correct
Statut du sang Sang-Pur
95%
Couleur des cheveux Gris
77%
Première mention Harry Potter et la Coupe de Feu
77%
Profession Employé du Ministère de la Magie
73%
Lieu de rencontre avec Harry Potter Ministère de la Magie
68%
Acteurs l'interprétant dans les films Tav MacDougall
14%
Aucun quiz correspondant
Distribution des résultats
% des personnes avec chaque résultat
Percentile par nombre de réponses
Votre historique - résultats
Vous n’avez pas pris ce quiz